| 000 | 01160nam a22002177a 4500 | ||
|---|---|---|---|
| 999 |
_c168634 _d168634 |
||
| 005 | 20191018105205.0 | ||
| 010 | _aB-730565 | ||
| 020 |
_a9789353093006 _c40.00 |
||
| 035 | _aB-730565 | ||
| 037 | _bडी.बी.ए.डी./ उपहार | ||
| 082 | _aक | ||
| 100 | _aराघवन, राहुल | ||
| 245 |
_aएक मजेदार योजना / _cराहुल राघवन ; रवि गुप्ता द्वारा चित्रांकित ; पुजा ओमवीर रावत द्वारा हिन्दी अनुवाद |
||
| 260 |
_aनई दिल्ली _bप्रथम बुक्स _c2018 |
||
| 270 |
_a#621, 2nd floor, 5th Main, OMBR Layout, Banaswadi, _bBengaluru _e560043 _k+91 80 42052574, 91 11 41042483 |
||
| 300 |
_a16पृ. _bसचित्र _c14x20 सेमी (अजिल्द) |
||
| 700 |
_928835 _aगुप्ता, रवि |
||
| 700 |
_928836 _aरावत, पुजा ओमवीर |
||
| 942 |
_2ddc _cCH _hक _mराघव |
||